[Event "Ponteareas op 2nd"]
[Site "Ponteareas"]
[Date "2019.04.21"]
[Round "5"]
[White "Fonseca Alonso, Francisco Jose"]
[Black "Perez Estevez, Sergio"]
[Result "1/2-1/2"]
[WhiteElo "1444"]
[BlackElo "1233"]
[PlyCount "31"]
[EventDate "2019.04.20"]
[EventType "swiss"]
[EventRounds "5"]
[EventCountry "ESP"]
[SourceTitle "CBM 190 Extra"]
[Source "ChessBase"]
[SourceDate "2019.07.15"]
[SourceVersion "1"]
[SourceVersionDate "2019.07.15"]
[SourceQuality "1"]

1. f3 g6 2. Nh3 d6 3. Nf2 c5 4. g3 e5 5. e4 Bg7 6. Nc3 Ne7 7. Bc4 a6 8. a3 b5 9. Ba2 Nbc6 10. d3 Rb8 11. Be3 Qa5 12. Qd2 Nd4 13. Bxd4 cxd4 14. Nd5 Qxd2+ 15. Kxd2 Nxd5 16. Bxd5 1/2-1/2